01223nam a22003257a 4500003000500000005001700005008004100022010001000063011001000073035001000083040000900093082001700102245004500119260007500164300001100239490006800250590004100318590004100359590004100400590004200441650004000483700003200523700003600555830007500591901000700666942001000673949005900683999001700742952013800759CHAP20220329134906.0971013s1959 r 00010 d a27625 a28597 a32702 cCHAP a519.503bD5Y aDiccionario de términos estadísticos aRosario, Argentina :bInstituto Interamericano de Estadística,c1959 a482 p. aBiblioteca Interamericana de Estadística Teórica y Aplicada aBATCH-UPDb10c20130110lUCH01h2058 aBATCH-UPDb10c20130410lUCH01h1411 aBATCH-UPDb10c20130914lUCH01h0754 aCONVERSIONb10c20130109lUCH01h131614aEstadísticaxDiccionarios.9382460 aBuckland, William R.9159040 aKendall, Maurice George.9630120 aBiblioteca Interamericana de Estadística Teórica y Aplicada912400 aBK cLIBRO a519.503 D5YbBCcCd33724000947040eCh34978i32702si c27625d27625 00102ddc4051708CaBCbBCcPA_CONSULTAd2019-12-31fLIBROl0o519.503 D5Yp33724000947040r2019-12-31 00:00:00w2019-12-31yLIBRO